| 000 | 00363 a2200157 4500 | ||
|---|---|---|---|
| 001 | 176589 | ||
| 020 | _a | ||
| 040 | _cMagnum | ||
| 100 | _aBandeira, Pedro | ||
| 240 | 1 | 0 |
_aMalasaventuras: safadezas do malasarte _lpor |
| 245 | 1 | 0 | _aMalasaventuras: safadezas do malasarte |
| 362 | 0 | _a1899 | |
| 440 | 1 | _aModerna | |
| 697 | _aMAGNITO: IJ/POESIA | ||
| 942 | _cBK | ||
| 999 |
_c176589 _d176589 |
||